1824 1343 1005 1200 1764 1608 1973 1654 1051 1125 1626 1309 1987 1878 1583 1180 1461 1433 1364 1827 1263 1262 1859 1747 1270 1881 1354 1186 1162 1076 1379 1152 1781 1307 1219 1273 1568 1719 1452 1337 1338 1619 1408 1034 1869 1315 1368 1088 1053 1293 1529 1755 1102 1524 1941 1277 1078 1972 1701 1056 1116 1818 1839 1633 1301 1164 1493 1928 1393 1149 1312 1612 1322 1878 1588 1593 1306 1188 1317 1037 1747 1449 1121 1835 1828 1849 1411 1532 1043 1757 1345 1336 1762 1796 1345 1698 1034 1332 1524 BCNSPRNW ULIB Ver.6.0+V

เปลี่ยนเป็นภาษาไทย

Change to English
 แสดงรายละเอียดบรรณานุกรม
  กลับหน้าหลัก

Brief Record : Get Marc (ISO 2709) : E-mail record : QR code < ปิดหน้าต่าง
LEADER : 00000nam 2200000uu 4500
001    13399125193
003     ULIB
008    161108s2559||||th 000 0 tha d
020    ^a9786164070172
050  0 ^aHV5600^bศ831ก 2559
100 0  ^aไพบูลย์ เฮงสุวรรณ,พูนสุข ขันธาโรจน์,วิสุทธิ์ เหล็กสมบูรณ์,เยาวลักษณ์ ยานุช,วิเศษ สุจินพรัหมและ สหัสยา วิเศษ
245 00 ^aกำกึ๊ดแม่ญิง ^bชุมชนล้านนากับการจัดการสุรา^cไพบูลย์ เฮงสุวรรณ,พูนสุข ขันธาโรจน์,วิสุทธิ์ เหล็กสมบูรณ์,เยาวลักษณ์ ยานุช,วิเศษ สุจินพรัหมและ สหัสยา วิเศษ
260    ^aกรุงเทพฯ^bศูนย์สตรีศึกษา ภาควิชาสตรีศึกษา คณะสังคมศาสตร์ มหาวิทยาลัยเชียงใหม่
300    ^a273หน้า
700 0  ^aไพบูลย์ เฮงสุวรรณ,พูนสุข ขันธาโรจน์
700 0  ^aพูนสุข ขันธาโรจน์
700 0  ^aวิสุทธิ์ เหล็กสมบูรณ์
700 0  ^aเยาวลักษณ์ ยานุช
700 0  ^aวิเศษ สุจินพรัหม
700 0  ^a สหัสยา วิเศษ
710 1  ^aศูนย์สตรีศึกษา ภาควิชาสตรีศึกษา คณะสังคมศาสตร์ มหาวิทยาลัยเชียงใหม่
945    ^p0^l0^i001468
945    ^p0^l0^i001469
999    ^aวรรณษา ชูชัยมงคล
รายการนี้ยังไม่มีแท็ก
คุณยังไม่ได้ล็อกอิน คุณสามารถมีกิจกรรมร่วมกับเว็บไซต์ได้ แต่ต้องล็อกอินก่อน ::
  ล็อกอิน

รายการสื่อสารสนเทศ

ลำดับที่ ประเภท เลขเรียก/บาร์โค้ด สถานที่ สถานะ
1. การศึกษาทั่วไป
การศึกษาทั่วไป
HV5600 ศ831ก 2559 ฉ.1 
  Barcode: 001468
ห้องสมุดวิทยาเขตสวรรค์ประชารักษ์
►หนังสือทั่วไป
บนชั้น
2. การศึกษาทั่วไป
การศึกษาทั่วไป
HV5600 ศ831ก 2559 ฉ.2 
  Barcode: 001469
ห้องสมุดวิทยาเขตสวรรค์ประชารักษ์
►หนังสือทั่วไป
บนชั้น

BibComment


ยังไม่เคยถูกคอมเมนท์

คอมเมนท์ทรัพยากรรายการนี้
  คอมเมนท์: กำกึ๊ดแม่ญิง ชุ..


 Copyright 2026. Bcnsprnw @Library